000 00388nam a2200145Ia 4500
008 230711s9999||||xx |||||||||||||| ||und||
041 _aENG
082 _a620.106
_bKU-F
100 _aKumar,D.S
245 0 _aFluid machanics and fluid power engineering :: SI units
250 _a6th Ed.
260 _c2007
_aNew Delhi
_bS.K Kataria & Sons
650 _aMechanical Engineering
942 _cBK
999 _c4914
_d4914